00512nam a2200157Ia 4500020001800000082002400018100001700042245004600059260004300105500009200148504003200240650001900272650002000291650002600311650001700337 a81-212-0833-5 aRR 355.310954 SAR-; aSareen, T.R. 0aIndian national army: a documentary study aNew DelhibGyan Publishing Housec2004 acontents: 5 Vols. Vol.1 (445p.) - v.2 (382p.) - v.3 (338p.) - v.4 (362p.) - v.5 (445p.) aincludes appendix and index aArmies - India aIndia - History aIndia - National army aIndia - Army